000 00285nam a22000857a 4500
999 _c11412
_d11412
008 190416b ||||| |||| 00| 0 eng d
020 _a9789386653956
100 _97144
_aBEST BOOK PUBLISHING HOUSE
245 _aU-LIKE PHYSICS CBSE SAMPLE PAPERS WITH SOLUTIONS& MODEL TEST PAPERS FOR REVISION